000 00388nam a2200169Ia 4500
001 12973
008 140401s9999 xx 000 0 und d
020 _a0-534-34450-x
040 _cPK-LaUMT
082 _a 515
_bSTE-C
100 _aStewart, James
245 _aCalculus:
_bConcepts and contexts.
_cStewart, James
260 _c1998
300 _a463 p.
546 _aEN
942 _cBK
999 _c13694
_d13694